000 00387pab a2200145 454500
008 180718b1988 xxu||||| |||| 00| 0 eng d
100 _aJagpal Singh
245 _aFamily plan based resource allocation for economic devvelopment and social justice
260 _c1988
300 _a181-91
362 _aJul.-Sept.
650 _aIncome Family
773 _aProductivity
909 _a10299
999 _c10299
_d10299